"Es posible mejorar la situación de los derechos humanos en Guatemala": conclusiones y recomendaciones del Segundo Informe del Director de la Misión de Verificación de los Derechos Humanos en Guatemala (MINUGUA); Período del 21.2.95 al 21.5.95, Guatemal
Se analiza la necesidad y posibilidad de mejorar la situación de los derechos humanos en Guatemala. La verificación del respeto a los derechos humanos y del cumplimiento de los compromisos asumidos por las partes en el Acuerdo Global permite concluir a la Misión que, durante este período, en el marc...
Guardado en:
| Format: | Texto |
|---|---|
| Fag: | |
| Tags: |
Tilføj Tag
Ingen Tags, Vær først til at tagge denne postø!
|
MARC
| LEADER | 00000 a a2200000 04500 | ||
|---|---|---|---|
| 001 | 11373 | ||
| 003 | |||
| 040 | |||
| 245 | |a "Es posible mejorar la situación de los derechos humanos en Guatemala": |b conclusiones y recomendaciones del Segundo Informe del Director de la Misión de Verificación de los Derechos Humanos en Guatemala (MINUGUA); Período del 21.2.95 al 21.5.95, Guatemal | ||
| 520 | |a Se analiza la necesidad y posibilidad de mejorar la situación de los derechos humanos en Guatemala. La verificación del respeto a los derechos humanos y del cumplimiento de los compromisos asumidos por las partes en el Acuerdo Global permite concluir a la Misión que, durante este período, en el marco de una situación preocupante, debido a graves y reiteradas violaciones a los derechos humanos y la persistente impunidad, se han dado pasos positivos que merecen ser destacados. A lo largo del documento se resaltan los siguientes temas: el fortalecimiento institucional, la cooperación de la URNG, los papeles que han jugado los medios de comunicación, a la vez se señala un gran número de denuncias sobre violaciones del derecho a la vida, a la integridad y seguridad de la persona. Por otra parte se efectúa un compromiso general con los derechos humanos, el fortalecimiento de las entidades de protección a esos derechos |a el compromiso de que no existan cuerpos de seguridad ilegales y aparatos clandestinos |a regulación de la portación de armas |a garantizar las libertad de asociación y de movimiento |a sobre la conscripción militar. También el fortalecimiento del compromiso de garantizar y proteger a las personas y entidades que trabajen en la protección de los derechos humanos, así como la labor que realizan |a resarcir y/o asistir a las víctimas de violaciones de los derechos humanos. También se realiza el compromiso relativo a la defensa de los derechos humanos y contra enfrentamiento armado, así como contra la impunidad. HB/HMBQ | ||
| 650 | |a DERECHOS HUMANOS | ||
| 650 | |a VIOLENCIA | ||
| 650 | |a ORGANIZACIONES REVOLUCIONARIAS | ||
| 650 | |a ESTADO | ||
| 650 | |a PAZ | ||
| 650 | |a SOCIEDAD CIVIL | ||
| 650 | |a FUERZAS ARMADAS | ||
| 773 | |g volumen 26, 107:; páginas 6-11 | ||
| 999 | |c 34587 |d 34587 | ||
